000 00622nam a2200193 a 4500
001 000476619
003 AM-YeHGA
005 20250617134014.0
008 060223s1903 cy r 000 0 arm d
040 _aAM-YeHGA
041 0 _aarm
245 0 0 _aԼուսաբեր գրական հաւաքածոյ /
_bԻ յիշատակ Ս. Էջմիածնի հազարվեցհարիրամեակին 303-1903.
260 _aՆիկոսիա :
_bտպ. Ազգ. կրթարան-որբանոցի,
_c1903.
300 _aՊրակ ;
_c25 սմ.
505 1 0 _gՊր. 1 (1903, 48 էջ)
650 1 4 _aԿրոն
942 _2udc
_cBK
090 _c176176
999 _c174734
_d174734